Tools of Radio Astronomy

מידע ביבליוגרפי
מחבר ראשי: Rohlfs K.
מחברים אחרים: Wilson T. L.
שפה:אנגלית
יצא לאור: Bonn, Springer, 1996
נושאים:
פורמט: ספר
KOHA link:https://koha.lib.tpu.ru/cgi-bin/koha/opac-detail.pl?biblionumber=10059

MARC

LEADER 00000nam0a2200000 4500
001 10059
005 20231030182744.0
010 |a 09417834 
035 |a (RuTPU)RU\TPU\book\10117 
035 |a BOOK00010180 
090 |a 10059 
100 |a 20011209d1996 k y0engy50 ba 
101 0 |a eng 
102 |a DE 
105 |a y z 000zy 
200 1 |a Tools of Radio Astronomy  |f K. Rohlfs, T. L. Wilson 
210 |a Bonn  |c Springer  |d 1996 
215 |a 422 p. 
610 1 |a радиоастрономия 
610 1 |a инструменты 
610 1 |a радио 
610 1 |a астрономия 
675 |a 520.2  |v 3 
700 1 |a Rohlfs  |b K. 
701 1 |a Wilson  |b T. L. 
801 0 |a RU  |b 63413507  |c 20011209  |g PSBO 
801 2 |a RU  |b 63413507  |c 20070907  |g PSBO 
942 |c BK